Politika, náboženství, Slovensko

Historický prehľad vzťahu národnej politiky a kresťanskej viery na Slovensku. Vplyv náboženstva na slovenskú politiku.

Salvato in:
Dettagli Bibliografici
Autore principale: Srb, Vladimír
Natura: Capitolo di libro
Lingua:ceco
Soggetti:
Tags: Aggiungi Tag
Nessun Tag, puoi essere il primo ad aggiungerne!!

MARC

LEADER 00000naa a2200000 4500
001 r041399
005 20230927121123.2
041 0 |a cze 
044 |a CZ 
245 1 0 |a Politika, náboženství, Slovensko  |c Vladimír Srb 
520 |a Historický prehľad vzťahu národnej politiky a kresťanskej viery na Slovensku. Vplyv náboženstva na slovenskú politiku. 
610 2 0 |a náboženstvo 
610 2 0 |a cirkev 
610 2 0 |a Slovensko 
610 2 0 |a politika 
610 2 0 |a história 
100 1 |a Srb, Vladimír